ბათუმის შოთა რუსთაველის სახელმწიფო უნივერსიტეტის ბიბლიოთეკა

Оборудование нефтеперерабатывающих заводов и основы его расчета. (ბიბ.ჩანაწერი № 37040)

000 -LEADER
fixed length control field 00788nam a2200217Ia 4500
001 - CONTROL NUMBER
control field 2994
003 - CONTROL NUMBER IDENTIFIER
control field GE_BSU
008 - FIXED-LENGTH DATA ELEMENTS--GENERAL INFORMATION
fixed length control field 181216s||||||||xx |||||||||||||| ||und||
040 ## - CATALOGING SOURCE
Transcribing agency GE_BSU
080 ## - UNIVERSAL DECIMAL CLASSIFICATION NUMBER
Universal Decimal Classification number 665.6/7(075.32)
100 ## - MAIN ENTRY--PERSONAL NAME
Personal name Довжук,Г.Т. Иванец,К.Я. Анастасьин,В.Ф.
245 ## - TITLE STATEMENT
Title Оборудование нефтеперерабатывающих заводов и основы его расчета.
245 ## - TITLE STATEMENT
Remainder of title Учебник.
245 ## - TITLE STATEMENT
Statement of responsibility, etc. Вед.Ред.Л.Н.Вронский.
260 ## - PUBLICATION, DISTRIBUTION, ETC.
Place of publication, distribution, etc. М.
260 ## - PUBLICATION, DISTRIBUTION, ETC.
Name of publisher, distributor, etc. Гостоптехиздат.
260 ## - PUBLICATION, DISTRIBUTION, ETC.
Date of publication, distribution, etc. 1962.
300 ## - PHYSICAL DESCRIPTION
Extent 344 стр.24 см.
653 ## - INDEX TERM--UNCONTROLLED
Uncontrolled term Оборудование нефтеперерабатывающих заводов и основы его расчета.
942 ## - ADDED ENTRY ELEMENTS (KOHA)
Koha item type წიგნი
ეგზემპლარები
Withdrawn status Lost status Damaged status Not for loan Date acquired Barcode Date last seen Price effective from Koha item type
        2018-12-17 9447 2018-12-17 2018-12-17 წიგნი